Matches de l'équipe du Pays de Galles de rugby à XV (2020 - …). - Statistiques

Statistiques générales
  • Ce quiz a été pris 285 fois
    20 depuis la dernière actualisation
  • Le résultat moyen est 13 sur 14
Statistiques - réponses
Matchs % Correct
8 France
100%
8 Afrique du Sud
94%
5 Argentine
94%
6 Australie
94%
7 Écosse
94%
8 Irlande
94%
8 Italie
94%
3 Nouvelle-Zélande
94%
10 Angleterre
89%
3 Fidji
89%
3 Géorgie
89%
3 Japon
78%
1 Portugal
78%
1 Canada
72%
Aucun quiz correspondant
Distribution des résultats
% des personnes avec chaque résultat
Percentile par nombre de réponses
Votre historique - résultats
Vous n’avez pas pris ce quiz depuis la dernière actualisation